000 00297nam a22001337a 4500
020 _a0582414547
082 _a330
100 _aAlan Griffith (ed)
245 _aApplied economics an introductory course
250 _a8th ed
260 _aLondon
_bLongman
_c1984
300 _a762p
942 _cBK
999 _c3154
_d3154